British Shops - Statistics

General Stats
  • This quiz has been taken 50 times
  • The average score is 3 of 19
Answer Stats
Shop Name Answer % Correct
M&S Marks and Spencer
98%
BHS British Home Store
66%
HMV His Master's Voice
43%
WH Smith William Henry Smith
11%
H&M Hennes & Mauritz
9%
B&Q DIY Block & Quayle
7%
QVC Quality, Value, Convenience
7%
AO Appliances Online
5%
JD Sports John Wardle and David Makin
5%
MFI Mullard Furniture Industries
5%
ASDA Asquith Dairies
2%
ScS Sofa Carpet Specialist
2%
B&M Stores Billington & Mayman
0%
C&A Clemens and August
0%
DFS Direct Furnishing Supplies
0%
JJB Sports John Jarvis Broughton then John Joseph Bradburn
0%
M&M Direct Mark Ellis and Martin Churchward
0%
TM Lewin Thomas Mayes Lewin
0%
USC United Sports Corporation
0%
No matching quizzes found
Score Distribution
Percent of People with Each Score
Percentile by Number Answered
Your Score History
You have not taken this quiz